Malta True Or False - Statistics

General Stats
  • This quiz has been taken 162 times
  • The average score is 8 of 10
Answer Stats
Question Answer % Correct
Malta Capital City Is Rabat False
100%
Malta Is Independent True
100%
Malta Is In The Tyrrhenian sea False
97%
Malta Is In The EU True
97%
Most Of The Maltese Do Not Follow Religion False
94%
The Maltese Flag Is White And Red True
91%
There Is No Snakes In Malta False
84%
Malta Is Bigger Than Iceland False
81%
Malta Have More Population Than Iceland True
53%
Malta Have No Cities, They Only Have Towns And Villages True
22%
No matching quizzes found
Score Distribution
Percent of People with Each Score
Percentile by Number Answered
Your Score History
You have not taken this quiz